The McGraw-Hill 36-hour Accounting Course (Record no. 899)
[ view plain ]
| 000 -LEADER | |
|---|---|
| Fixed length control field | 00510nam a2200181 4500 |
| 003 - CONTROL NUMBER IDENTIFIER | |
| Control field | SEACOMMC |
| 005 - DATE AND TIME OF LATEST TRANSACTION | |
| Control field | 20250428145805.0 |
| 008 - FIXED-LENGTH DATA ELEMENTS--GENERAL INFORMATION | |
| Fixed length control field | 241218b |||||||| |||| 00| 0 eng d |
| 020 ## - INTERNATIONAL STANDARD BOOK NUMBER / ISBN | |
| International Standard Book Number | 7-0-17093-20-0 |
| Price | Rs.350.00 |
| 040 ## - CATALOGING SOURCE | |
| Original cataloging agency | SEACOMMC |
| 082 ## - DEWEY DECIMAL CLASSIFICATION NUMBER | |
| Classification number | 657 |
| Book Number | D 621 |
| 100 ## - MAIN ENTRY--PERSONAL NAME | |
| Personal name | Dixon, Robert L |
| 245 1# - TITLE STATEMENT | |
| Title | The McGraw-Hill 36-hour Accounting Course |
| Statement of responsibility | Robert L. Dixon, Harold E. Arnett |
| 250 ## - EDITION STATEMENT | |
| Edition statement | 3rd ed. |
| 260 ## - IMPRINT | |
| Place of publication | New Delhi |
| Name of publisher | Tata McGraw-Hill |
| Date of publication | 2005 |
| 650 ## - SUBJECT ADDED ENTRY--TOPICAL TERM | |
| Topical term | Business & Economics |
| 942 ## - ADDED ENTRY ELEMENTS (KOHA) | |
| Koha item type | Books |
| Withdrawn status | Lost status | Source of classification | Damaged status | Not for loan | Home library | Current library | Shelving location | Date acquired | Total Checkouts | Call number | Accession number | Date last seen | Price effective from | Koha item type |
|---|---|---|---|---|---|---|---|---|---|---|---|---|---|---|
| Dewey Decimal Classification | SEACOM MANAGEMENT COLLEGE | SEACOM MANAGEMENT COLLEGE | Reference | 11/12/2007 | 657 D 621 | M-1212 | 18/12/2024 | 18/12/2024 | Books |
